000 00405nam a22001457a 4500
041 _aukr
080 _a80
090 _bЖЛУ
100 _aЖлуктенко, Ю.О.
245 _aПорівняльна граматика англійської та української.
260 _aКиїв
_bРадянська школа
_c1960
300 _a160
650 _aEnglish Grammar
999 _c281751
_d281751
942 _cBK